01204njm a2200277Ia 4500001000600000003000900006005001700015008004100032040001300073040001300086041001300099100002000112100001800132100003800150245005500188250001100243260001100254260007000265300002200335300002200357500011300379505023800492511004400730650006800774700008400842H6004IT-RoPAU20220918181154.0131025s9999 xx 000 0 und d aIT-RoPAU cIT-RoPAU aITALIANO aDi Mario Angelo eAutore musica gCodice autore musica SPICS: 10868 aNatale in terra straniera - Spettacolo per bambini a1a ed. aMILANO bMULTIMEDIA SAN PAOLOc2005 [1a Ed.:2005 - Ed. Lingua Orig.: 2005] aSPARTITO MUSICALE c (Testo: 32 pag.) aSpartito musicale. Spettacolo natalizio per bambini. Tra le varie canzoni ci sono i testi per lo spettacolo. aSanta Lucia luntan (E.A. Mario) - Terra amata - Naufragio del Sirio - Mamma mia, dammi cento lire (Anonimo) - Minatori non partite - Lacreme napulitane (Bongiovanni-Bosio) - Voglio cantar - E' Natale brava gente - Sinfonia natalizia. aCoro le Piccole Voci di Angelo Di Mario aRELIGIOSO/RECIT [SPARTITI MUSICALI]eCodice MATERIA SPICS: 9953 aDi Mario AngeloeAutore testo e musicagCodice autore testo/musica SPICS: 10868